| 000 | 02052nam0a2200349 4500 | ||
|---|---|---|---|
| 001 | RU\NLR\bibl\791810 | ||
| 005 | 20250614122735.0 | ||
| 021 |
_aRU _b2004-79189 _93905 |
||
| 035 | _aRSL-KNO-002555259 | ||
| 035 | _a(NLR Aleph) 000781046 | ||
| 090 |
_a1062258 _c1062258 |
||
| 100 | _a20041221d2004 |||y0rusy50 ca | ||
| 101 | 0 |
_arus _ager |
|
| 102 | _aRU | ||
| 105 | _aa ||||||||| | ||
| 106 | _ar | ||
| 200 | 1 |
_aПрактический курс немецкого языка _eучеб. пособие _fИ. В. Тевс, Ю. С. Данилина _gМ-во сел. хоз-ва Рос. Федерации, Федер. гос. образоват. учреждение высш. проф. образования "Омс. гос. аграр. ун-т" |
|
| 210 |
_aОмск _cИзд-во ФГОУ ВПО ОмГАУ _d2004 _gТип. ЧП Макшеевой Е.А. |
||
| 215 |
_a133 с. _cил., табл. _d20 |
||
| 320 | _aБиблиогр.: с. 133 | ||
| 606 | 1 |
_aНемецкий язык _jУчебные издания для высших учебных заведений _xРазговорная речь _91696261 _3RU\NLR\auth\66754622 |
|
| 610 | 0 | _aФилологические науки. Художественная литература -- Языкознание -- Индоевропейские языки -- Германские языки -- Западногерманские языки -- Немецкий язык -- Преподавание и методика изучения языка -- Учебники и учебные пособия общего характера -- Учебные пособия для курсовой системы | |
| 686 |
_aШ143.24-925 _2rubbk |
||
| 686 | _aШ143.24-93рус3-6 | ||
| 700 | 1 |
_aТевс _bИ. В. _gИрина Владимировна _4070 |
|
| 701 | 1 |
_aДанилина _bЮ. С. _gЮлия Сергеевна _4070 |
|
| 801 | 0 |
_aRU _bRuMoRKP _c20041221 _grcr |
|
| 801 | 1 |
_aRU _bRuMoRGB _c20041221 |
|
| 801 | 2 |
_aRU _bNLR _c20050422 _gPSBO |
|
| 942 | _cBOOK | ||
| 980 | _aNB | ||